Central Library OPAC University of Rajshahi

Regge poles and S-matrix theory / (Record no. 8243)

MARC details
000 -LEADER
fixed length control field 00992cam a22003011 4500
001 - CONTROL NUMBER
control field 8243
003 - CONTROL NUMBER IDENTIFIER
rucl marc code BD-RjUL
005 - DATE AND TIME OF LATEST TRANSACTION
control field 20211208234541.0
008 - FIXED-LENGTH DATA ELEMENTS--GENERAL INFORMATION
fixed length control field 140118s1963 nyua b 001 0 eng d
035 ## - SYSTEM CONTROL NUMBER
System control number (BD-RjUL)8288
040 ## - CATALOGING SOURCE
Original cataloging agency DLC/ICU
Transcribing agency ICU
Modifying agency DLC
-- BD-RjUL
Language of cataloging eng
041 ## - LANGUAGE CODE
Language code of text/sound track or separate title eng
082 00 - DEWEY DECIMAL CLASSIFICATION NUMBER
Classification number 530.12
Author mark and year FRR 1963
100 1# - MAIN ENTRY--PERSONAL NAME
Personal name Frautschi, Steven C.,
Dates associated with a name 1933-
9 (RLIN) 25676
245 10 - TITLE STATEMENT
Title Regge poles and S-matrix theory /
Statement of responsibility, etc. by Steven C. Frautschi
260 ## - PUBLICATION, DISTRIBUTION, ETC. (IMPRINT)
Place of publication, distribution, etc. New York :
Name of publisher, distributor, etc. W.A. Benjamin,
Date of publication, distribution, etc. 1963.
300 ## - PHYSICAL DESCRIPTION
Pagination vii, 200 p. :
Illustrations ill. ;
Size 24 cm.
490 1# - SERIES STATEMENT
Series statement Frontiers in physics; a lecture note and reprint series
500 ## - GENERAL NOTE
General note At head of title: Tata Institute of Fundamental Research.
504 ## - BIBLIOGRAPHY, ETC. NOTE
Bibliography, etc Includes index.
Bibliography, etc Bibliography: p. 193-198.
650 #0 - SUBJECT ADDED ENTRY--TOPICAL TERM
Topical term or geographic name as entry element S-matrix theory.
9 (RLIN) 25677
Topical term or geographic name as entry element Regge trajectories.
9 (RLIN) 25678
710 2# - ADDED ENTRY--CORPORATE NAME
Corporate name or jurisdiction name as entry element Tata Institute of Fundamental Research.
9 (RLIN) 21741
830 #0 - SERIES ADDED ENTRY--UNIFORM TITLE
Uniform title Frontiers in physics.
942 ## - ADDED ENTRY ELEMENTS (KOHA)
Source of classification or shelving scheme Dewey Decimal Classification
Koha item type Books
Holdings
Lost status Source of classification or shelving scheme Damaged status Not for loan Collection code Permanent Location Current Location Shelving location Date acquired Source of acquisition Total Checkouts Full call number Date last seen Copy number Koha item type Cost, normal purchase price
  Dewey Decimal Classification     Non-fiction Central Library, University of Rajshahi Central Library, University of Rajshahi   02/02/1991 Canada gift   530.12 FRR 1963 18/01/2014 C-2 Books  
  Dewey Decimal Classification   Not For Loan Non-fiction Central Library, University of Rajshahi Central Library, University of Rajshahi Reading Room 08/04/1965 Zeitlinger   530.12 FRR 1963 06/05/2017 C-1 Books 70.00